Statistics for Which Video Game Console Sold More?

Click here to take the quiz!

General Stats

  • This quiz has been taken 47 times
    (31 since last reset)
  • The average score is 7 of 13

Answer Stats

QuestionAnswer% Correct
PlayStation 2 or PlayStation 4?PlayStation 2
77%
GameCube or Nintendo 64?Nintendo 64
73%
Nintendo DS or Game Boy?DS
69%
NES or SNES?NES
62%
Nintendo 3DS or Xbox One?Nintendo 3DS
58%
SEGA Saturn or Atari 5200?SEGA Saturn
58%
Wii U or PlayStation Vita?Wii U
58%
Nintendo Switch or Wii?Nintendo Switch
54%
PlayStation 3 or PlayStation (Original)?PlayStation (Original)
54%
Xbox 360 or PlayStation 3?PlayStation 3
46%
Game & Watch or SEGA Dreamcast?Game & Watch
42%
Nintendo 3DS or PlayStation Portable?PlayStation Portable
42%
Xbox (Original) or Atari 2600?Atari 2600
35%

Score Distribution

Percentile by Number Answered

Percent of People with Each Score

Your Score History

You have not taken this quiz since the last reset